| 000 | 01256nam a2200253Ia 4500 | ||
|---|---|---|---|
| 003 | OSt | ||
| 005 | 20200815003546.0 | ||
| 008 | 191128s2006 ck gr 000 0 spa d | ||
| 020 | _a9588059992 | ||
| 040 |
_aCO-JMCR _cCO-JMCR |
||
| 041 | 0 | _aspa | |
| 082 | 0 | 4 |
_a345.05 / _bU729f _223 |
| 100 | 1 |
_aUrbano Martínez, José Joaquín, _eautor _98831 |
|
| 245 | 1 | 4 |
_aLos fines constitucionales del proceso penal como parámetros de control del principio de oportunidad : _breforma de la justicia penal en Colombia : encuentros y desencuentros entre los distintos ámbitos de la Función Pública / _cJosé Joaquín Urbano Martínez |
| 260 |
_aBogotá : _bProcuraduría General de la Nación, _c2006 |
||
| 300 |
_a95 páginas ; _c16 cm. |
||
| 490 | 0 |
_aColección de pensamiento jurídico ; _v19 |
|
| 504 | _aBibliografía: página 95 | ||
| 505 | 0 | _aLos fines constitucionales del proceso penal como parámetros de control del principio de oportunidad -- Reforma de la justicia penal en Colombia: encuentros y desencuentros entre los distintos ámbitos de la función pública | |
| 650 | 1 | 4 |
_aDerecho penal _zColombia _98555 |
| 650 | 1 | 4 |
_aProcedimiento penal _zColombia _98846 |
| 650 | 1 | 4 |
_aAdministración de justicia penal _zColombia _98819 |
| 942 |
_2ddc _cBK |
||
| 999 |
_c4704 _d4704 |
||